Entry Nombre personal
001 - NÚMERO DE CONTROL
- campo de control: 234569
003 - IDENTIFICADOR DE NÚMERO DE CONTROL
- campo de control: ES-MaACL
005 - FECHA Y HORA DE LA ÚLTIMA TRANSACCIÓN
- campo de control: 20231121185923.0
008 - ELEMENTOS DE DATO DE LONGITUD-FIJA
- campo de control de longitud fija: 231114|| aca||aabn | a|a d
040 ## - FUENTE DE CATALOGACIÓN
- Centro catalogador/agencia de origen: ES-MaACL
100 1# - ENCABEZAMIENTO-NOMBRE DE PERSONA
- Nombre de persona: Rejas, Mari Carmen,
- Fechas asociadas al nombre: 1955-
373 ## - GRUPO ASOCIADO
- Grupo asociado: Ateneo de Madrid
- Período de inicio: 2022
- Fuente de información: Censo mensual de socios 2023
400 1# - TRAZADO DE VÉASE--NOMBRE DE PERSONA
- Nombre de persona: Rejas, Mari-Carmen,
- Fechas asociadas al nombre: 1955-
400 1# - TRAZADO DE VÉASE--NOMBRE DE PERSONA
- Nombre de persona: Rejas Martín, Mari Carmen,
- Fechas asociadas al nombre: 1955-
678 ## - DATOS BIOGRÁFICOS O HISTÓRICOS
- Datos biográficos o históricos: Socia del Ateneo de Madrid n. 33964, ingresó el 10/11/2022
- Ampliación de la nota: Fuente: Censo mensual de socios 2023
